Truyện ngắn Vũ Trọng Phụng /
Đã lưu trong:
| Príomhúdar: | |
|---|---|
| Formáid: | Bài viết |
| Teanga: | Vietnamese |
| Ábhair: | |
| Clibeanna: |
Cuir Clib Leis
Gan Chlibeanna, Bí ar an gcéad duine leis an taifead seo a chlibeáil!
|
| Thư viện lưu trữ: | Thư viện Trường Đại học Đà Lạt |
|---|
| LEADER | 00794nam a2200277 4500 | ||
|---|---|---|---|
| 001 | DLU090070751 | ||
| 005 | ##20090514 | ||
| 040 | # | # | |a DLU |b vie |
| 041 | # | # | |a vie |
| 044 | # | # | |a vn |
| 100 | # | # | |a Nguyễn Thành. |
| 245 | # | # | |a Truyện ngắn Vũ Trọng Phụng / |c Nguyễn Thành. |
| 653 | # | # | |a Phê bình văn học |
| 653 | # | # | |a Truyện ngắn |
| 653 | # | # | |a Văn học hiện đại |
| 653 | # | # | |a Vũ Trọng Phụng, 1912-1939 |
| 773 | # | # | |t Tạp chí văn học |g Số 6(282), 1995, tr. 12-15 |
| 920 | # | # | |a Phòng Tạp chí -- Trung tâm Thông tin - Thư viện Trường Đại học Đà Lạt |
| 994 | # | # | |a DLU |
| 900 | # | # | |a True |
| 911 | # | # | |a Nguyễn Thị Thu Phương |
| 925 | # | # | |a G |
| 926 | # | # | |a A |
| 927 | # | # | |a BB |
| 980 | # | # | |a Thư viện Trường Đại học Đà Lạt |